000 00703nam a2200217 u 4500
005 20240228064319.0
008 171109s2007 r 000 0 eng d
020 _a1404268499
035 _aUPN01000221544
049 _aI
050 4 _aPZ7
_bH6.44
100 1 _aHoffman, Mary Ann,
_d1947-
_933606
245 1 0 _aElbert sale de viaje /
_cMary Ann Hoffman ; tr. María Cristina Brusca.
260 _aNew York :
_bRosen Classroom Books & Materials,
_cc2007.
300 _a12 p. :
_bprincipalmente il. col.
440 0 _aLecturas del barrio.
_pFantasía
650 4 _aLibros y lectura para niños
_92290
650 7 _aLibros ilustrados para niños
_2
_921365
905 _aInfantil
999 _c193641
_d193641